000 00833nam a2200241 i 4500
003 DO-SdBNP
005 20230807081918.0
006 a||||br|||| 00| 0
007 ta
008 230804e1955 dr aoc|| |||| 00| j spa d
040 _aDO-SdBNP
_bspa
_cBNPHU
_erda
082 4 _222
_bV182
100 1 _aVallejo de Paredes, Margarita,
_923195
_eautor
245 _aLibro de lectura para segundo curso:
_baprobado por el honorable Consejo Nacional de Educación. /
_cMargarita Vallejo de Paredes
250 _a9a. edición
264 1 _aCiudad Trujillo :
_bLibrería Dominicana,
_c1955
300 _a105 páginas :
_bIlustraciones, fotografías, retrato ;
_c21 cm
336 _2rdacontent
_atexto
_btxt
337 _2rdamedia
_asin medición
_bn
338 _2rdacarrier
_avolumen
_bnc
590 _aInventariado 2023 / MF
942 _2ddc
_cLBS1
999 _c54332
_d54332